000 01115cam a2200337 a 4500
001 3272
003 FISKH
005 20240222145831.0
008 000201s2000 nyua b 000 1 eng
010 _a 00022431
020 _a0805062815 (alk. paper)
040 _aDLC
_cDLC
_dDLC
_beng
042 _alcac
050 0 0 _aPZ7.B78046
_bBer 2000
082 0 0 _a[Fic]
_221
100 1 _aBrisson, Pat.
245 1 0 _aBertie's picture day /
_cPat Brisson ; illustrated by Diana Cain Bluthenthal.
250 _aFirst Scholastic printing, September 2001
260 _aNew York :
_bScholastic,
_c2000.
300 _a69 pages :
_billustrations ;
_c20 cm.
505 _aJ
520 _aBertie tries to get spiffy for his class picture, but several disastrous events result in him looking "interesting" instead.
521 8 _a490
_bLexile
521 8 _aJ
_bRaz-Plus
650 1 _aBeauty, Personal
_vFiction.
650 1 _aSiblings
_vFiction.
650 1 _aSchools
_vFiction.
700 1 _aBluthenthal, Diana Cain,
_eillustrator
906 _a7
_bcbc
_corignew
_d1
_eocip
_f20
_gy-gencatlg
942 _2ddc
_cBK
_n0
999 _c3272
_d3272